MDQL
is popping MORE tags! Check the
thread
!
Quizzes
Events
Quiz Creation
Community
Videos
Private Events
Remove Ads
Sign In
Join for FREE
Feedback
Dark Mode
Quiz Categories
Sports
Geography
Music
Movies
Television
Just For Fun
Miscellaneous
History
Literature
Language
Science
Gaming
Entertainment
Religion
Holiday
For Kids
Quiz Lab
Recent
Popular Today
Quiz Kudos Today
Editor Picks
Curator Picks
Quizzes by...
Day
Popularity
Type
Ratings
Length
Year
Community
Subscriptions
Recent Discussions
Orange Saloon
Badges
Playlists
Quests
Create
Leaderboards
Showdown
Live 5
Trivia Bingo
Activity
Puzzle Library
Sporcle Events
Private Events
Virtual Trivia
Globe League
Become a Host
Pub Owners
SporcleCon
Opinionation
Our Games
Videos
Blog
Mobile Apps
Partnerships
Remove Ads and Go Orange
Feedback
Sports
Athletes
MLB
NBA
NHL
NFL
Soccer
Sports Teams
WWE
NCAA
Football
Premier League
Basketball
Baseball
Hockey
Golf
Tennis
Cricket
Rugby
Auto Racing
Olympics
World Cup
Sports
Athletes
MLB
NBA
NHL
NFL
Soccer
Sports Teams
WWE
NCAA
Football
Premier League
Basketball
Baseball
Hockey
Golf
Tennis
Cricket
Rugby
Auto Racing
Olympics
World Cup
Random Quiz
Search Sporcle
×
Quiz Lab
Quiz Lab
Sports
City
Type in answers that appear in a list
Type in answers that appear in a list
Classic
Best Score? Go Orange.
NHL All Star Locations Stats
Can you name the the city in which the NHL all star game took place?
By
abbjar1
2m
59 Questions
311 Plays
311 Plays
311 Plays
Comments
Comments
Give Quiz Kudos
Give Quiz Kudos
-
- Ratings
hide this ad
Replay
Link that replays current quiz
Next Quiz
Link to next quiz in quiz playlist
You Got
0%
They Got
Avg Score
81%
Avg Friend Score
Upgrade to see
Score Distribution
Jump to the score distribution portion of the page
Score
0/59
Timer
02:00
0
Plays Today
Year
% Correct
1953
Montreal
95.5%
1956
Montreal
95.5%
1957
Montreal
95.5%
1958
Montreal
95.5%
1959
Montreal
95.5%
1960
Montreal
95.5%
1965
Montreal
95.5%
1967
Montreal
95.5%
1969
Montreal
95.5%
1975
Montreal
95.5%
1993
Montreal
95.5%
2009
Montreal
95.5%
1947
Toronto
94.2%
1949
Toronto
94.2%
1951
Toronto
94.2%
1962
Toronto
94.2%
1963
Toronto
94.2%
1964
Toronto
94.2%
1968
Toronto
94.2%
2000
Toronto
94.2%
1973
New York
93.2%
1994
New York
93.2%
1948
Chicago
90.7%
1961
Chicago
90.7%
1974
Chicago
90.7%
1991
Chicago
90.7%
1950
Detroit
89.7%
1952
Detroit
89.7%
1954
Detroit
89.7%
1955
Detroit
89.7%
Year
% Correct
1971
Boston
89.7%
1980
Detroit
89.7%
1996
Boston
89.7%
1981
Los Angeles
88.7%
2002
Los Angeles
88.7%
1976
Philadelphia
80.7%
1992
Philadelphia
80.7%
1977
Vancouver
79.1%
1998
Vancouver
79.1%
1985
Calgary
78.1%
1990
Pittsburgh
77.8%
1997
San Jose
77.8%
1989
Edmonton
77.5%
1970
St Louis
74%
1988
St Louis
74%
2012
Ottawa
73.6%
2007
Dallas
73.3%
1999
Tampa
69.1%
2008
Atlanta
68.5%
2001
Denver
67.5%
1978
Buffalo
64.3%
2011
Raleigh
59.2%
2004
St Paul
58.8%
1986
Hartford
47.3%
2003
Sunrise
41.8%
1984
East Rutherford
35.4%
1983
Uniondale
31.5%
1972
Bloomington
30.2%
1982
Landover
25.7%
Quiz Playlist
Details
Report
Send in Message
Add To Playlist
Classic:
Type in answers that appear in a list
Last Updated: Feb 16, 2017
Quiz Scoreboard
CHALLENGE
Sign Up to Join the Scoreboard
Show All
Scores
Hide
Comments
May contain spoilers
Recently Published
5x2 Blitz: Bands
by SL_Kpop136
Music
30s
Colored Red Africa Blitz
by spor1
Geography
30s
Find the 'City' Movie
by crazypaving
Movies
60s
More to Explore
Quiz From the Vault
Featured Blog Post
14 Easter Pick-up Lines to Find Eggs With
hide this ad
You Might Also Like...
Tags
City Quiz
Hockey Quiz
NHL Quiz
All-Star
Today's Top Quizzes in Sports
Browse Sports
hide this ad
Today's Top Quizzes in City
Browse City
Top Contributed Quizzes in Sports
1
Les entraîneurs de l'OM et du PSG au 21e siècle
2
Les meilleurs buteurs des matchs entre le PSG et l’OM
3
Players with Multiple 50 Home Run Seasons
4
2022 World Cup Stars
5
Les joueurs passés par le PSG et l'OM
6
NBA Logic Puzzle 2.0
7
Criteria MLB: Left Handed Sluggers
8
MLB Players with Two .350 Batting Average Seasons
9
Top 10 NHL Goal Scorers of All Time
10
Who Hit More Homers?
Explore More
Trending Topics
Crossword
Marvel
Harry Potter
Anime
Kpop
Disney
NBA
NFL
The Office
Puzzle
Pokémon
WWE
Song
Soccer
Country
hide this ad
More By:
abbjar1
Quiz
Plays
Rating
Category
Featured
Created
USA Third Largest City Matchup
2,189
4.78
Geography
Apr 28, 2013
50 largest Illinois cities
847
5.00
Geography
Dec 20, 2012
Southward to Canada
780
4.15
Geography
Dec 22, 2012
2013 NHL goalie win leaders
676
5.00
Sports
Mar 26, 2013
qwertyuiopasdfghjklzxcvbnm
529
3.21
Just For Fun
Jan 26, 2013
Go to Creator's Profile
Score Distribution
Quiz Creator Spotlight
abbjar1
Follow
Send a Message
Quizzes Created
-
Created Quiz Play Count
-
More By This Creator
Popular Quizzes Today
1
Colored Red Africa Blitz
2
Find the 'City' Movie
3
Find the US States - No Outlines Minefield
4
5x2 Blitz: Bands
5
The Countries of the World
6
Find the US States
7
Find the Countries of Europe - No Outlines Minefield
8
US States
More Sports Quizzes
NFL: Most Playoff Games
Editor's Pick
Trending Quizzes
Colored Red Europe Blitz I
Colored Red Europe Blitz II
Colored Red Africa Blitz II
Colored Red Europe Blitz III
Colored Red Africa Blitz III
Recently Updated
How Do You Spell That?
pecheneg
Godzilla Movies
pecheneg
Grab Bag: 4-10 Letters
pecheneg
2024 March Madness Bracket
pecheneg
Famous TV Couples
Peacemaker
Champions League XIs: Real Madrid
pecheneg
Largest US Cities 1790-2010
pecheneg
Rides in Walt Disney World
pecheneg
Most Oscar Losses (Acting)
pecheneg
Beyoncé Albums
pecheneg
Trending Topics
NBA
Harry Potter
Disney
Crossword
Kpop
Marvel
Anime
NFL
Puzzle
Pokémon
Soccer
Country
Song
WWE
The Office
Your Account Isn't Verified!
In order to create a playlist on Sporcle, you need to verify the email address you used during registration. Go to your
Sporcle Settings
to finish the process.
Report this User
Report this user for behavior that violates our
Community Guidelines
.
Details:
Send Report
Go to the Sporcle.com Mobile Site →
Comments